000 00700nam a2200253Ia 4500
003 OSt
005 20220924115520.0
006 a|||||r|||| 00| 0
007 ta
008 220923b |||||||| |||| 00| 0 san d
024 _a53707
037 _cTextual
040 _aARTS
_cARTS
_bsan
041 _2san
_asan
082 _aP15:10Ax1:1, 15L0;M6
100 _aSaunaka
245 0 _aRigveda pratisakhya with uvvatabhasya tr by Virendra Kumar Verma
250 _a2nd
260 _aDelhi
_bChaukhamba Sanskrit Pratishthan
_c1970
300 _a960p.
_ccm.
650 _aLINGUISTICS
942 _hP15:10Ax1:1, 15L0;M6
_cTEXL
_2CC
999 _c398684
_d398684